El evolucionismo / (Record no. 23587)

MARC details
000 -CABECERA
campo de control de longitud fija 00593nam a2200205 a 4500
005 - FECHA Y HORA DE LA ÚLTIMA TRANSACCIÓN
campo de control 20220524063735.0
008 - ELEMENTOS DE LONGITUD FIJA--INFORMACIÓN GENERAL
campo de control de longitud fija 991125s1979 es 000 0 spa u
020 ## - NÚMERO INTERNACIONAL NORMALIZADO PARA LIBROS
Número Internacional Estándar del Libro 8472222466
035 ## - NÚMERO DE CONTROL DEL SISTEMA
Número de control de sistema UPN01000023587
049 ## - COLECCIÓN
Colección CG
050 #4 - SIGNATURA TOPOGRÁFICA DE LA BIBLIOTECA DEL CONGRESO
Número de clasificación QH365 D8
Número de documento/Ítem F3.3 1979
100 1# - ASIENTO PRINCIPAL--NOMBRE PERSONAL
Nombre de persona Farrington, Benjamín,
Fechas asociadas al nombre 1891-1974
9 (RLIN) 33042
245 13 - MENCIÓN DE TÍTULO
Título El evolucionismo /
Mención de responsabilidad, etc. Benjamín Farrington ; tr. de Pilar Silver.
250 ## - MENCIÓN DE EDICIÓN
Mención de edición 3a ed.
260 ## - PUBLICACIÓN, DISTRIBUCIÓN, ETC.
Lugar de publicación, distribución, etc. Barcelona, Esp. :
Nombre del editor, distribuidor, etc. Laia,
Fecha de publicación, distribución, etc. 1979.
300 ## - DESCRIPCIÓN FÍSICA
Extensión 120 p.
440 #0 - MENCIÓN DE SERIE/ASIENTO SECUNDARIO--TÍTULO
Título Laia B ;
Designación de volumen o secuencia 41.
Nombre de parte o sección de la obra Ciencias de la naturaleza
650 #2 - ASIENTO SECUNDARIO DE MATERIA - TERMINO TEMATICO
Término de materia o nombre geográfico como elemento de entrada Evolución
9 (RLIN) 4472
905 ## - TIPO DE MATERIAL
Tipo de material Libro
Holdings
Estado de retiro Estado de pérdida Fuente del sistema de clasificación o colocación Estado dañado No para préstamo Código de colección Localización permanente Ubicación/localización actual Ubicación en estantería Fecha de adquisición Total de préstamos Clasificación Código de barras Fecha visto por última vez Número de copia Tipo de ítem Koha
    Library of Congress Classification     Colección General Bib. Gregorio Torres Quintero Bib. Gregorio Torres Quintero Planta baja 06/05/2022 26 QH365 D8 F3.3 1979 21496 06/05/2022 1 Libro